000 01351nam0a2200265 i 4500
001 RU\NLR\bibl\880569
005 20240725234657.0
035 _a(NLR Aleph) 000869138
090 _a1588347
_c1588347
100 _a20051130d2005 u y0rusy50 ca
101 0 _arus
102 _aRU
105 _ay dm |||||
200 1 _aТрансляция паремических выражений как аспект переводческой практики
_e(на материале рус. и нем. яз.)
_eавтореф. дис. на соиск. учен. степ. к.филол.н.
_eспец. 10.02.20
_fСанарова Елена Григорьевна
_gКуб. гос. ун-т
210 _aКраснодар
_d2005
215 _a19 с.
_d21
320 _aБиблиогр.: с. 19 (5 назв.)
686 _a10.02.20
_2oksvnk
700 1 _aСанарова
_bЕ. Г.
_gЕлена Григорьевна
_4070
801 0 _aRU
_bNLR
_c20051130
_grcr
801 1 _aRU
_bNLR
_c20051130
942 _cBOOK
981 1 0 _a(10) Авторефераты
_b(10) 10.00.00 Филологические науки
_b10.02.00 Языкознание
_b10.02.20 Сравнительно-историческое, типологическое и сопоставительное языкознание